La mujer en el siglo XX: décadas de belleza, 1890-1990
Saved in:
| Main Authors: | , |
|---|---|
| Format: | Bog |
| Sprog: | spansk |
| Udgivet: |
Santiago
Contrapunto
1998
|
| Fag: | |
| Tags: |
Tilføj Tag
Ingen Tags, Vær først til at tagge denne postø!
|
MARC
| LEADER | 00000nam a2200000 a 4500 | ||
|---|---|---|---|
| 001 | UCP3273 | ||
| 003 | CL-VaPUC | ||
| 008 | 990618e19980000CL |||||||||||||||||spa|d | ||
| 082 | 0 | 4 | |a 391.2 |b MUL |2 21 |
| 100 | |a Mulvey, Kate |e autora |9 430469 | ||
| 700 | 0 | |a Richards, Melissa |e author |9 430470 | |
| 245 | 1 | 3 | |a La mujer en el siglo XX: décadas de belleza, 1890-1990 |
| 300 | |a 205 p | ||
| 942 | |c BK | ||
| 945 | |d 19990618 00:00:00 |a rbrito | ||
| 260 | |a Santiago |b Contrapunto |c 1998 | ||
| 650 | 0 | |a Mujeres |9 257649 | |
| 650 | 0 | |a Moda |9 346995 | |
| 650 | 0 | |a Historia siglo 20 |9 255736 | |
| 650 | 0 | |a Vestuario |9 389590 | |
| 650 | 0 | |a Vida y costumbres |9 611784 | |
| 583 | |a last modification |c 20160912 03:37:30 |k Rodrigo Vera | ||
| 999 | |c 281643 |d 281641 | ||
| 952 | |0 0 |1 0 |4 0 |6 391_200000000000000_MUL_1998 |7 0 |8 A |9 322552 |a BIBHIS |b BIBHIS |d 2019-11-20 |i 3526119 |l 6 |o 391.2 MUL 1998 |p 3526119 |r 2025-01-20 |s 2023-11-22 |w 2019-11-20 |y BK |k HIS | ||